00653nam a22001937a 4500003000500000005001700005008004100022010000900063011000900072035000900081040000900090100003800099245009900137260003700236300002300273502006400296650005000360650004900410CHAP20220329133616.0971013s1993 r 00010 d a8509 a9481 a8716 cCHAP00aRamírez Torres, Tiberio Sergio. aCaracterización de la estructura productiva del Distrito de Desarrollo Rural Anáhuac, N.L. aMarín, N.L. :bEl autor,c1993 a146 h.b: gráfs. aTesis (Ing. Agr. Fitotecnista) -- UANL. Fac. de Agronomía14aAgriculturaxAspectos economicosxNuevo Leon.14aDistrito de Desarrollo Rural Anáhuac, N.L.